Statistics for Movies General Knowledge #2

Click here to take the quiz!

General Stats

  • This quiz has been taken 19,058 times
    (12,806 since last reset)
  • The average score is 11 of 20

Answer Stats

QuestionAnswer% Correct
What musical featured the music of ABBA?Mamma Mia!
86%
What movie series features "minions" that resemble Twinkies?Despicable Me
84%
In what movie did Gene Kelly dance with a streetlight?Singin' in the Rain
81%
Where did the movie Lilo & Stitch take place?Hawaii
74%
What "physical" actress starred alongside John Travolta in "Grease"?Olivia Newton-John
74%
Who was the male half of "Bennifer"?Ben Affleck
73%
In what city did the movie "Slumdog Millionaire" take place?Mumbai
73%
What 2017 blockbuster did Gal Gadot star in?Wonder Woman
72%
What was the name of the villain in the movie "Die Hard"?Hans Gruber
55%
What golf movie starred Chevy Chase, Bill Murray, and Rodney Dangerfield?Caddyshack
52%
What was the name of the good witch in "The Wizard of Oz"?Glinda
52%
What was the name on the fake ID in the movie "Superbad"?McLovin
51%
What movie was about a dunking Golden Retriever named Buddy?Air Bud
50%
What comedienne interviewed celebrities on the red carpet before her death in 2014?Joan Rivers
43%
What Darren Aronofsky movie has a number as its title?Pi
38%
What type of animal did the crew of the USS Enterprise need to rescue in
"Star Trek IV: The Journey Home"?
Humpback Whales
33%
What Harlem detective is the "cat who won't cop out when there's danger all about"?John Shaft
31%
Who directed the movie "American Sniper"?Clint Eastwood
30%
What movie featured the Dread Pirate Roberts?The Princess Bride
30%
What was the sequel to the 2010 romcom "Valentine's Day"?New Year's Eve
26%

Score Distribution

Percentile by Number Answered

Percent of People with Each Score

Your Score History

You have not taken this quiz since the last reset